000
00259nam a22001217a 4500
008
170607b xxu||||| |||| 00| 0 eng d
041
_a
eng
080
_a
94(7/8)
100
_a
18
101
_a
SHH
245
_a
THE GROWING YEARS
_c
COIT,M.L
942
_2
udc
_c
BK
999
_c
16316
_d
16316